<?xml version="1.0" encoding="UTF-8"?><?xml-stylesheet type="text/xsl" href="static/style.xsl"?><OAI-PMH xmlns="http://www.openarchives.org/OAI/2.0/" xmlns:xsi="http://www.w3.org/2001/XMLSchema-instance" xsi:schemaLocation="http://www.openarchives.org/OAI/2.0/ http://www.openarchives.org/OAI/2.0/OAI-PMH.xsd"><responseDate>2026-04-18T01:54:34Z</responseDate><request verb="GetRecord" identifier="oai:www.recercat.cat:2117/18503" metadataPrefix="marc">https://recercat.cat/oai/request</request><GetRecord><record><header><identifier>oai:recercat.cat:2117/18503</identifier><datestamp>2025-07-17T14:24:26Z</datestamp><setSpec>com_2072_1033</setSpec><setSpec>col_2072_452950</setSpec></header><metadata><record xmlns="http://www.loc.gov/MARC21/slim" xmlns:dcterms="http://purl.org/dc/terms/" xmlns:xsi="http://www.w3.org/2001/XMLSchema-instance" xmlns:doc="http://www.lyncode.com/xoai" xsi:schemaLocation="http://www.loc.gov/MARC21/slim http://www.loc.gov/standards/marcxml/schema/MARC21slim.xsd">
   <leader>00925njm 22002777a 4500</leader>
   <datafield ind2=" " ind1=" " tag="042">
      <subfield code="a">dc</subfield>
   </datafield>
   <datafield ind2=" " ind1=" " tag="720">
      <subfield code="a">Saura Carulla, Magdalena</subfield>
      <subfield code="e">author</subfield>
   </datafield>
   <datafield ind2=" " ind1=" " tag="260">
      <subfield code="c">2012</subfield>
   </datafield>
   <datafield ind2=" " ind1=" " tag="520">
      <subfield code="a">In spite of market pragmatics, the urban, architectural and environmental protection and conservation ideas of the Emporion master plan were quickly implemented in actual planning. (1) Previous research conducted at Technical University of Catalonia set the design requirements for policy-making required in any sort of master plan. One of the goals was to predict a successful use of space through a natural and historic lanscapes. Social and cultural factors determined one set of parameters for environmental programming and evaluation; namely, how people use both recreational and tourist infrastructure through historic places. University research was sponsored at that time by the Getty Grant Program. University research today develops further through a longitudinal study which started once the plan was executed and partly built in 1992. Data gathering is currently being sponsored with funds of the government of Spain: Proyecto I+D:  Arquitectura, educación y evaluació ambiental.</subfield>
   </datafield>
   <datafield ind2=" " ind1=" " tag="520">
      <subfield code="a">Postprint (published version)</subfield>
   </datafield>
   <datafield tag="653" ind2=" " ind1=" ">
      <subfield code="a">Àrees temàtiques de la UPC::Urbanisme::Impacte ambiental</subfield>
   </datafield>
   <datafield tag="653" ind2=" " ind1=" ">
      <subfield code="a">Cultural parks -- 	Empúries (Spain)</subfield>
   </datafield>
   <datafield tag="653" ind2=" " ind1=" ">
      <subfield code="a">Parcs culturals -- Empúries (Catalunya)</subfield>
   </datafield>
   <datafield ind2="0" ind1="0" tag="245">
      <subfield code="a">A Cultural Heritage, Preservation Master Plan: Postoccupancy of Emporion to Evaluate Theme Park versus Environmental Design</subfield>
   </datafield>
</record></metadata></record></GetRecord></OAI-PMH>